| 000 | 00488cam a2200193 4500 | ||
|---|---|---|---|
| 001 | D6951 | ||
| 008 | 090401t1962 xxu||||| |||| 00| 0 eng d | ||
| 035 | _a(Sirsi) u4115 | ||
| 041 | _aeng | ||
| 050 | _a336.210260971 | ||
| 100 | _aManning, H.E. | ||
| 245 | _aAssessment and rating; being the law of municipal taxation in Canada | ||
| 250 | _a4th | ||
| 260 |
_aToronto _bCanada Law Book Co _c1962 |
||
| 300 | _alxxii. 822p. 25cm | ||
| 350 | _a0 | ||
| 942 | _n0 | ||
| 948 | _c04/03/1997 | ||
| 999 |
_c85994 _d85994 |
||